[Event "GER-chT U20"]
[Site "Braunschweig"]
[Date "2019.12.29"]
[Round "5.8"]
[White "Peukert, Marc"]
[Black "Meister, Konstantin"]
[Result "1-0"]
[WhiteElo "1518"]
[BlackElo "1256"]
[PlyCount "121"]
[EventDate "2019.12.27"]
[EventType "team-swiss"]
[EventRounds "7"]
[EventCountry "GER"]
[SourceTitle "CBM 194 Extra"]
[Source "ChessBase"]
[SourceDate "2020.03.31"]
[SourceVersion "1"]
[SourceVersionDate "2020.03.31"]
[SourceQuality "1"]
[WhiteTeam "Dresden TU"]
[BlackTeam "Bensheim"]
[WhiteTeamCountry "GER"]
[BlackTeamCountry "GER"]

1. Nf3 d5 2. c4 c6 3. d3 dxc4 4. dxc4 Qxd1+ 5. Kxd1 g6 6. Nc3 Nf6 7. Bf4 Bf5 8. Nd4 Na6 9. Nxf5 0-0-0+ 10. Kc2 gxf5 11. e3 Nh5 12. Bg5 f6 13. Bh4 Nb4+ 14. Kb3 c5 15. Be2 Ng7 16. a3 Nc6 17. Kc2 Ne6 18. Bd3 Kb8 19. Rad1 f4 20. exf4 Ncd4+ 21. Kb1 Nxf4 22. Bg3 e5 23. Bxf4 exf4 24. Nd5 Rd6 25. Nxf4 Rg8 26. Bxh7 Rg4 27. g3 Bh6 28. Nd5 Nc6 29. f4 Na5 30. Rhe1 a6 31. Ne3 Rxd1+ 32. Rxd1 Rg7 33. Bf5 Re7 34. Nd5 Re2 35. Nxf6 Nxc4 36. Bd3 Rd2 37. Rxd2 Nxd2+ 38. Kc2 Nf3 39. Nd7+ Kc7 40. Nxc5 Kc6 41. Be4+ Kxc5 42. Bxf3 b5 43. b4+ Kb6 44. h4 a5 45. f5 axb4 46. axb4 Bf8 47. Kb3 Kc7 48. g4 Kd6 49. g5 Ke5 50. f6 Kf5 51. Bc6 Kg6 52. Bxb5 Kf7 53. Bc4+ Kg6 54. b5 Bc5 55. Be6 Bf2 56. f7 Kg7 57. h5 Bc5 58. Kc4 Be7 59. b6 Bxg5 60. b7 Bf4 61. h6+ 1-0

[Event "GER-chT U14"]
[Site "Magdeburg"]
[Date "2018.12.28"]
[Round "3.3"]
[White "Peukert, Marc"]
[Black "Vetter, Moritz Friedrich"]
[Result "1/2-1/2"]
[WhiteElo "1510"]
[BlackElo "1421"]
[PlyCount "112"]
[EventDate "2018.12.27"]
[EventType "team-swiss"]
[EventRounds "7"]
[EventCountry "GER"]
[SourceTitle "CBM 188 Extra"]
[Source "ChessBase"]
[SourceDate "2019.02.26"]
[SourceVersion "1"]
[SourceVersionDate "2019.02.26"]
[SourceQuality "1"]
[WhiteTeam "Dresden TU"]
[BlackTeam "Brackel"]
[WhiteTeamCountry "GER"]
[BlackTeamCountry "GER"]

1. Nf3 d5 2. c4 e6 3. e3 Nf6 4. Nc3 c5 5. d4 Nc6 6. Be2 b6 7. 0-0 Bd6 8. b3 0-0 9. Bb2 Bb7 10. Qd2 Bb8 11. Rac1 a6 12. dxc5 bxc5 13. cxd5 exd5 14. Na4 Qd6 15. Bxf6 gxf6 16. Nxc5 Ne5 17. Nxe5 Qxe5 18. g3 Bc8 19. Bf3 Ra7 20. Qxd5 Qb2 21. b4 a5 22. bxa5 Rxa5 23. Rb1 Qa3 24. Rxb8 Rxc5 25. Qb3 Qa7 26. Ra8 Qc7 27. a4 Kg7 28. Kg2 Rf5 29. Be4 Re5 30. Qd3 Rxe4 31. Rxc8 Rxe3 32. Rxc7 Rxd3 33. Ra1 Ra8 34. a5 Rd6 35. Rc5 Kg6 36. Kh3 f5 37. f4 Raa6 38. Rb5 Re6 39. Rab1 Kf6 40. Kh4 Kg6 41. h3 h5 42. Rc1 Ra8 43. Rcc5 Rf6 44. g4 hxg4 45. hxg4 fxg4 46. Rg5+ Kh7 47. Rh5+ Kg7 48. Rbg5+ Rg6 49. Kxg4 f5+ 50. Kxf5 Rxa5+ 51. Kg4 Ra1 52. Rh4 Rg1+ 53. Kf5 R6xg5+ 54. fxg5 Rf1+ 55. Kg4 Rg1+ 56. Kh5 Rf1 1/2-1/2

[Event "Sachsen-ch U10"]
[Site "Sebnitz"]
[Date "2013.04.06"]
[Round "7"]
[White "Hoerkner, Nico"]
[Black "Peukert, Marc"]
[Result "1-0"]
[WhiteElo "1193"]
[BlackElo "964"]
[PlyCount "69"]
[EventDate "2013.04.02"]
[EventType "swiss"]
[EventRounds "7"]
[EventCountry "GER"]
[SourceTitle "EXT 2014"]
[Source "ChessBase"]
[SourceDate "2013.11.20"]
[SourceVersion "1"]
[SourceVersionDate "2013.11.20"]
[SourceQuality "1"]

1. e4 e5 2. Nf3 Nc6 3. Bc4 Bc5 4. c3 d6 5. d4 Bb6 6. dxe5 dxe5 7. Qxd8+ Kxd8 8. Ng5 Nf6 9. Nxf7+ Ke8 10. Nxh8 Nxe4 11. 0-0 Bf5 12. Nd2 Nxf2 13. Rxf2 Bxf2+ 14. Kxf2 Ke7 15. Nf7 Rf8 16. Ng5 Kd6 17. b3 Bg6+ 18. Kg1 Rf5 19. Ba3+ Nb4 20. Bxb4+ Kc6 21. Ne6 b5 22. Bd3 Rf6 23. Bxg6 Rxg6 24. Nd8+ Kd7 25. Nb7 h5 26. Rd1 Ke6 27. Nf3 Rh6 28. Nc5+ Kf5 29. Re1 Kf6 30. Rxe5 Kf7 31. Nd7 Kg8 32. Ng5 g6 33. Re8+ Kg7 34. Bf8+ Kg8 35. Bxh6# 1-0

[Event "Sachsen-ch U10"]
[Site "Sebnitz"]
[Date "2013.04.04"]
[Round "4"]
[White "Rose, Noah"]
[Black "Peukert, Marc"]
[Result "1-0"]
[WhiteElo "933"]
[BlackElo "964"]
[PlyCount "57"]
[EventDate "2013.04.02"]
[EventType "swiss"]
[EventRounds "7"]
[EventCountry "GER"]
[SourceTitle "EXT 2014"]
[Source "ChessBase"]
[SourceDate "2013.11.20"]
[SourceVersion "1"]
[SourceVersionDate "2013.11.20"]
[SourceQuality "1"]

1. e4 e5 2. Nf3 Nc6 3. d4 f6 4. d5 Nb8 5. Bd3 Bc5 6. Nc3 d6 7. h3 c6 8. dxc6 Nxc6 9. Be3 Bb6 10. Bc4 Nge7 11. Nb5 Bc7 12. Qd2 a6 13. Nc3 Bd7 14. 0-0 Ba5 15. Qxd6 Nc8 16. Qd5 Rf8 17. Bc5 N8e7 18. Qd1 b6 19. Be3 Ng6 20. Qe2 Qe7 21. Rfd1 Bc8 22. Qd3 Nh8 23. Nd5 Qf7 24. Nxb6 Qg6 25. Nxa8 Bxh3 26. g3 Nb4 27. Qd6 Qxe4 28. Qb8+ Ke7 29. Bc5# 1-0

[Event "Sachsen-ch U10"]
[Site "Sebnitz"]
[Date "2013.04.03"]
[Round "3"]
[White "Peukert, Marc"]
[Black "Ambach Salazar, Leonhard"]
[Result "0-1"]
[WhiteElo "964"]
[BlackElo "1085"]
[PlyCount "46"]
[EventDate "2013.04.02"]
[EventType "swiss"]
[EventRounds "7"]
[EventCountry "GER"]
[SourceTitle "EXT 2014"]
[Source "ChessBase"]
[SourceDate "2013.11.20"]
[SourceVersion "1"]
[SourceVersionDate "2013.11.20"]
[SourceQuality "1"]

1. e4 e5 2. Nf3 Nc6 3. Nc3 Bc5 4. Bc4 Nf6 5. d3 h6 6. a3 d6 7. Bd2 Bg4 8. h3 Bh5 9. g4 Bg6 10. Qe2 0-0 11. 0-0-0 Qd7 12. Be3 Nd4 13. Bxd4 exd4 14. Bb5 c6 15. e5 Nh7 16. Nxd4 Bxd4 17. Bc4 d5 18. Bb3 Bxc3 19. bxc3 d4 20. e6 Qc7 21. cxd4 Qf4+ 22. Rd2 Qxd4 23. e7 Qa1# 0-1